Loading...
| Science - Biology | 2 | 8 | 2 | 0 | 100 | 36 | 88.20 | 2 | 7 | 0.00 | 0.00 |
| Science - Chemistry | 1 | 7 | 2 | 2 | 75 | 49 | 97.63 | 2 | 4 | 0.00 | 0.00 |
| Beliefs | 1 | 2 | 0 | 1 | 35 | 42 | 106.67 | 0 | 2 | 0.00 | 0.00 |
| Science - Physics | 0 | 4 | 1 | 1 | 35 | 103 | 122.00 | 0 | 2 | 0.00 | 0.00 |
| Geography | 0 | 2 | 0 | 1 | 20 | 105 | 120.50 | 0 | 1 | 0.00 | 0.00 |
| Philosophy | 0 | 2 | 0 | 1 | 20 | 106 | 119.50 | 0 | 0 | 0.00 | 0.00 |
| Literature - World | 0 | 2 | 0 | 0 | 20 | 106 | 111.00 | 2 | 2 | 0.00 | 0.00 |
| History - US | 0 | 2 | 0 | 1 | 20 | 120 | 124.50 | 0 | 0 | 0.00 | 0.00 |
| Fine Arts - Visual | 1 | 0 | 0 | 0 | 15 | 54 | 54.00 | 1 | 1 | 0.00 | 0.00 |
| Literature - British | 0 | 1 | 0 | 0 | 10 | 130 | 130.00 | 0 | 0 | 0.00 | 0.00 |
| History - European | 0 | 1 | 0 | 1 | 10 | 142 | 142.00 | 0 | 1 | 0.00 | 0.00 |
| History - Other | 0 | 1 | 0 | 1 | 10 | 141 | 141.00 | 0 | 0 | 0.00 | 0.00 |
| History - World | 0 | 2 | 2 | 1 | 10 | 84 | 111.00 | 0 | 1 | 0.00 | 0.00 |
| Modern World | 0 | 0 | 0 | 0 | 0 | 0.00 | 0 | 0 | 0.00 | 0.00 | |
| Science - Other | 0 | 0 | 1 | 0 | -5 | 0.00 | 0 | 0 | 0.00 | 0.00 | |
| Literature - American | 0 | 0 | 1 | 0 | -5 | 0.00 | 0 | 0 | 0.00 | 0.00 | |
| Social Science | 0 | 0 | 1 | 0 | -5 | 0.00 | 0 | 0 | 0.00 | 0.00 |